| 000 | 00759nam a22001937a 4500 | ||
|---|---|---|---|
| 003 | OSt | ||
| 005 | 20260422021918.0 | ||
| 008 | 250826b |||||||| |||| 00| 0 eng d | ||
| 020 | _a 9780071831420 | ||
| 040 | _cOC | ||
| 082 | _aCirc 616.075 F522 2014 | ||
| 100 | _aLE TAO | ||
| 245 |
_a First aid for the USMLE step 1 2014 : _b a student-to-student guide / _cLE TAO. - - |
||
| 260 |
_aNew York : _bMcGraw-Hill, _cc2014. |
||
| 300 |
_axxii, 760 pages : _bcolor illustrations ; _c27 cm. |
||
| 504 | _aIncludes index. | ||
| 650 | _2National Board of Medical Examiners--Examinations--Study guides. 2. Physicians--United States--Examinations--Study guides. I. United States Medical Licensing Examination . II. Title. | ||
| 942 |
_2ddc _cBK-CIRC _kCirc. _n0 |
||
| 999 |
_c4236 _d4236 |
||